000 01039nam a2200253 a 4500
001 000020719
005 20200930011142.0
008 100813s2002 dr 000 0 spa d
020 _a9788484830771
040 _aDO-SdBNP
_bspa
_cBPJMB
082 _axxxx
_bVxxxa
100 1 _aVerzosa, Juan de,
_d1956-
_943468
245 1 0 _aAnales del reino de Felipe II /
_cJuan de Verzosa ; introducción, edición crítica, traducción anotada e índices José María Maestre Maestre ; prólogo Juan Gil.
260 _aMadrid :
_bInstituto de estudios humanísticos,
_c2002.
300 _accxxx, 280 p. ;
_c24 cm.
490 1 _aTextos y estudios humanísticos
490 1 _aTextos
_vv. 1
500 _aIncluye datos biográficos del autor en la solapa de la cubierta
504 _aIncluye referencias bibliográficas y notas al pie de las páginas
650 4 _aHumanismo
_xLiteratura clásica
_943469
700 1 _aMaestre Maestre, José María
_eed.
_943470
830 0 _aTextos y estudios humanísticos
_943471
830 0 _aTextos
_nno. 1
_938411
999 _c20223
_d20223